|
|
|
|
| LEADER |
00000cam a2200000 a 4500 |
| 001 |
vtls008422678 |
| 003 |
SK-MaSNL |
| 005 |
20260426014732.0 |
| 008 |
050808s2005 xr o g d 000 0ccze |
| 020 |
|
|
|a 8072772538 (viaz.)
|
| 040 |
|
|
|a SNK
|b slo
|c SNK
|e AACR2
|
| 041 |
0 |
|
|a cze
|
| 043 |
|
|
|a e-xr---
|
| 044 |
|
|
|a xr
|c CZ
|
| 072 |
|
7 |
|a 902
|x Archeológia
|2 konspekt
|
| 072 |
|
7 |
|a 929
|x Biografie
|2 konspekt
|
| 080 |
|
|
|a 902-051
|2 2001
|
| 080 |
|
|
|a 929
|2 2001
|
| 080 |
|
|
|a (437.3)
|2 2001
|
| 080 |
|
|
|a (031)929
|2 2001
|
| 100 |
1 |
|
|a Sklenář, Karel,
|d 1938-
|4 aut
|9 98600
|
| 245 |
1 |
0 |
|a Biografický slovník českých, moravských a slezských archeologů a jejich spolupracovníků z příbuzných oborů
|c Karel Sklenář ve spolupráci se Zuzanou Sklenářovou
|
| 250 |
|
|
|a 1. vyd..
|
| 260 |
|
|
|a Praha
|b Libri
|c 2005
|
| 300 |
|
|
|a 726 s.
|b fotogr.
|c 21 cm
|
| 366 |
|
|
|e 1000 výtl.
|
| 504 |
|
|
|a Bibliogr. s. 703-710.Zoz. Slovník archeológov
|
| 650 |
0 |
7 |
|a archeológovia
|2 SNKPH
|9 58076
|
| 650 |
0 |
7 |
|a Archaeologists
|2 SNKPHeng
|9 286881
|
| 651 |
|
7 |
|a Česko
|2 SNKPH
|9 16753
|
| 651 |
|
7 |
|a Czechia
|2 SNKPHeng
|9 170107
|
| 655 |
|
7 |
|a biografické slovníky
|2 SNKPH
|9 51960
|
| 655 |
|
7 |
|a Biographical dictionaries
|2 SNKPHeng
|9 278210
|
| 700 |
1 |
|
|a Sklenářová, Eliška, 1972-
|4 aut
|9 741027
|
| 919 |
|
|
|a 80-200-0638-9
|
| 999 |
|
|
|c 1166913
|d 1168843
|
| 952 |
|
|
|t snkSKL 902:929
|a SNKUST
|b SNKUST
|y PREZ
|7 0
|p 17A0531083
|o snkIC 134250
|i snk2006/25407
|8 4
|g 31.24
|0 0
|1 0
|4 0
|d 2006-11-13
|l 0
|r 2025-05-28 00:00:00
|w 2026-02-24
|